Subdivisions of El Salvador - Statistics

General Stats
  • This quiz has been taken 75 times
  • The average score is 9 of 14
Answer Stats
Answer % Correct
San Salvador
89%
Santa Ana
83%
La Union
78%
San Miguel
78%
La Libertad
72%
La Paz
72%
San Vicente
72%
Ahuachapan
67%
Morazan
67%
Sonsonate
61%
Usulutan
61%
Cabanas
50%
Cuscatlan
50%
Chalatenango
44%
No matching quizzes found
Score Distribution
Percent of People with Each Score
Percentile by Number Answered
Your Score History
You have not taken this quiz